The story of twentieth-century exploration / (Record no. 186234)
[ view plain ]
| 000 -LEADER | |
|---|---|
| fixed length control field | 00906 a2200169 4500 |
| 003 - CONTROL NUMBER IDENTIFIER | |
| control field | Nust |
| 005 - DATE AND TIME OF LATEST TRANSACTION | |
| control field | 20230126092955.0 |
| 040 ## - CATALOGING SOURCE | |
| Transcribing agency | Nust |
| 082 ## - DEWEY DECIMAL CLASSIFICATION NUMBER | |
| Classification number | 910.9,KEY |
| 100 ## - MAIN ENTRY--PERSONAL NAME | |
| Personal name | Key, Charles E. |
| 9 (RLIN) | 107693 |
| 245 ## - TITLE STATEMENT | |
| Title | The story of twentieth-century exploration / |
| Statement of responsibility, etc. | Charles E. Key. |
| 260 ## - PUBLICATION, DISTRIBUTION, ETC. | |
| Place of publication, distribution, etc. | New York, |
| Name of publisher, distributor, etc. | A.A. Knopf, |
| Date of publication, distribution, etc. | 1938. |
| 300 ## - PHYSICAL DESCRIPTION | |
| Extent | x, [xiii]-xiv, 310, x p |
| Other physical details | ., 1 l. illus. (maps |
| Dimensions | 23 cm. |
| 505 ## - FORMATTED CONTENTS NOTE | |
| Formatted contents note | Exploring the Amazon (Page-13), Through the Wastes of Asia (Page-42), The Conquest of the North Pole (Page-84), Among the Head Hunters (Page-103), Across the Heart of Australia (Page-122), The Home of the Blizzard (Page-128), The Roof of the World (Page-152), New Light on the Dark Continent (Page-170), The Conquest of the South Pole (Page-192), Greenland’s Icy Mountains (Page-220), The Summit of The Earth (Page-263). |
| 650 ## - SUBJECT ADDED ENTRY--TOPICAL TERM | |
| Topical term or geographic name entry element | century exploration |
| 9 (RLIN) | 107694 |
| 942 ## - ADDED ENTRY ELEMENTS (KOHA) | |
| Source of classification or shelving scheme | |
| Koha item type | Book |
| Withdrawn status | Lost status | Source of classification or shelving scheme | Damaged status | Not for loan | Permanent Location | Current Location | Shelving location | Date acquired | Full call number | Barcode | Date last seen | Price effective from | Koha item type | Public note |
|---|---|---|---|---|---|---|---|---|---|---|---|---|---|---|
| Military College of Signals (MCS) | Military College of Signals (MCS) | General Stacks | 12/12/2016 | 910.9,KEY | MCS29004 | 12/08/2016 | 12/12/2016 | Book | Almirah No.58,Shelf No.6 |
